| 000 | 01148nam0a22003131 4500 | ||
|---|---|---|---|
| 001 | rc\4525913 | ||
| 005 | 20250611191231.0 | ||
| 021 |
_aRU _bРг7040-67 |
||
| 021 |
_aRU _b67-46567 |
||
| 035 | _a(NLR Aleph) 008353770 | ||
| 090 |
_a8954354 _c8954354 |
||
| 100 | _a20130416d1966 |||y0rusy50 ca | ||
| 101 | 0 | _arus | |
| 102 | _aRU | ||
| 105 | _aa z ||||| | ||
| 200 | 1 | _aНекоторые зависимости между статическими и динамическими свойствами шинного корда | |
| 210 |
_aМытищи _cБ. и. _d1966 |
||
| 215 |
_a[1], 33 л. _cил. _d30 |
||
| 225 | 1 |
_aВсесоюзный научно-исследовательский институт искусственного волокна. БТИ _vПер. № 5348 |
|
| 300 | _aПер. из: "Chemiepasern", № 3, 1966 | ||
| 300 | _aНа обл. авт. не указаны | ||
| 300 | _aОтпеч. множит. аппаратом | ||
| 700 | 1 |
_aКеммниту _bГ. |
|
| 701 | 1 |
_aЭспанион _bГ. |
|
| 801 | 0 |
_aRU _bNLR _gpsbo |
|
| 801 | 1 |
_aRU _bELAR _2rusmarc |
|
| 852 |
_aNLR _j67-8/1281 |
||
| 942 | _cBOOK | ||
| 980 | _aNB | ||